20 titres les plus écoutés de Dire Straits - Statistiques

Statistiques générales
  • Ce quiz a été pris 18 fois
  • Le résultat moyen est 9 sur 20
Statistiques - réponses
Nb. d'écoutes Album % Correct
+ 1 699 000 000 Dire Straits Sultans Of Swing
100%
+ 383 000 000 Making Movies Romeo And Juliet
88%
+ 413 000 000 Brothers In Arms Brothers In Arms
81%
+ 720 000 000 Brothers In Arms Money For Nothing
81%
+ 72 567 000 Love Over Gold Telegraph Road
81%
+ 963 000 000 Brothers In Arms Walk Of Life
69%
+ 226 000 000 Communiqué Lady Writer
56%
+ 120 000 000 Making Movies Tunnel Of Love
56%
+ 133 000 000 Dire Straits Six Blade Knife
44%
+ 103 000 000 Communiqué Once Upon A Time In The West
38%
+ 197 000 000 Brothers In Arms So Far Away
38%
+ 174 000 000 Brothers In Arms Your Latest Trick
38%
+ 137 000 000 Dire Straits Down To The Waterline
31%
+ 70 000 000 On Every Street On Every Street
31%
+ 53 000 000 Love Over Gold Private Investigations
31%
+ 82 000 000 Communiqué Where Do You Think You're Going?
25%
+ 76 000 000 Dire Straits Water Of Love
19%
+ 77 000 000 Brothers In Arms Why Worry
19%
+ 51 000 000 Communiqué News
13%
+ 72 299 000 Dire Straits Wild West End
6%
Aucun quiz correspondant
Distribution des résultats
% des personnes avec chaque résultat
Percentile par nombre de réponses
Votre historique - résultats
Vous n’avez pas pris ce quiz